[Event "Paracin Open 2020"]
[Site "Paracin"]
[Date "2020.07.04"]
[Round "2.6"]
[White "Stankovic, Milos"]
[Black "Pantic, Ivica"]
[Result "1-0"]
[WhiteElo "2454"]
[BlackElo "2131"]
[Annotator "TA"]
[PlyCount "65"]
[EventDate "2020.07.03"]
[EventType "swiss"]
[EventCountry "SRB"]
[SourceTitle "playchess.com"]
[Source "ChessBase"]
[SourceQuality "1"]

{[%evp 11,65,45,48,48,35,58,51,29,24,23,96,71,99,69,72,80,129,127,151,151,166,141,186,180,193,179,214,190,199,159,195,183,191,205,241,234,246,240,293,242,299,223,242,219,262,184,229,185,232,232,235,230,433,272,970,967]} 1. e4 Nf6 2. e5 Nd5 3. d4 d6 4. Nf3 dxe5 5. Nxe5 c6 6. Be2 Nd7 7. Nf3 {B04: Alekhine's Defence: 4 Nf3.} g6 8. c4 Nc7 9. Be3 {White is slightly better.} Bg7 10. Nc3 {[#]} Nb6 $146 (10... O-O $11) ({Predecessor:} 10... O-O 11. O-O Ne8 12. Qd2 Nd6 13. Bh6 Bxh6 14. Qxh6 Nf6 15. h3 Nf5 16. Qd2 Qc7 {½-½ (34) Becerra Rivero,J (2557)-Ramirez Alvarez,A (2547) ICC INT 2009}) 11. h3 Be6 12. b3 $36 {[%mdl 2048] White fights for an advantage.} O-O 13. O-O f5 14. Qd2 Kh8 15. Bh6 Bg8 16. Rad1 a5 17. Rfe1 a4 18. Bxg7+ Kxg7 19. Qe3 Rf6 20. Bd3 Re6 21. Ne5 axb3 22. axb3 Ra3 23. Bc2 Nd7 24. Ne2 Rf6 25. Qc3 Nf8 26. Qb4 Ra2 27. Bb1 Ra7 28. Qb6 Qb8 29. Ng3 Na8 30. Qc5 b6 31. Qb4 Qd8 $2 {[#]} (31... Bf7 32. Qd2 Be8) 32. h4 Ne6 $2 (32... Bf7 33. h5 Be8) 33. Nxc6 {[%mdl 64] Double Attack. Black got outplayed after the opening. Accuracy: White = 66%, Black = 42%.} 1-0

[Event "Paracin Open 2020"]
[Site "Paracin"]
[Date "2020.07.04"]
[Round "2.7"]
[White "Konyves, Almos"]
[Black "Ratkovic, Milovan"]
[Result "0-1"]
[WhiteElo "2090"]
[BlackElo "2435"]
[Annotator "TA"]
[PlyCount "94"]
[EventDate "2020.07.03"]
[EventType "swiss"]
[EventCountry "SRB"]
[SourceTitle "playchess.com"]
[Source "ChessBase"]
[SourceQuality "1"]

{[%evp 20,94,33,22,26,18,35,26,25,24,39,11,17,0,0,0,0,-9,0,0,0,0,0,-179,-168,-181,-182,-160,-152,-164,-159,-164,-156,-225,-237,-225,-215,-259,-268,-254,-252,-290,-266,-288,-189,-182,-181,-179,-147,-149,-157,-160,-160,-155,-169,-179,-175,-164,-118,-118,-122,-156,-138,-222,-180,-283,-269,-501,-463,-705,-682,-652,-708,-666,-642,-879,-879]} 1. e4 c6 2. d4 d5 3. exd5 cxd5 4. Bd3 Nc6 5. c3 Nf6 6. Bf4 g6 7. Nf3 Bg7 8. O-O O-O 9. h3 Bf5 10. Bxf5 {10.Be2 is the hot move.} gxf5 11. Nbd2 e6 {B13: Caro-Kann: Exchange Variation and Panov-Botvinnik Attack.} 12. Ne5 Rc8 13. Qe2 {[#]} Kh8 $146 {White has an edge.} ({Predecessor:} 13... Ne8 14. f3 Nd6 15. Qe3 Ne7 16. Bh6 Ng6 17. Nxg6 hxg6 18. Bxg7 Kxg7 19. Qe5+ Kg8 {0-1 (53) Yardim,A (1445)-Uzuner,T (1889) Antalya 2019}) 14. Bg5 Qc7 15. Bxf6 Bxf6 16. f4 Rg8 17. Kh1 Rg7 18. g4 Bxe5 19. fxe5 fxg4 20. hxg4 Rcg8 21. Rf6 $2 (21. Rf4 $11 {and White is okay.}) 21... Rxg4 $19 {[#] ( -> ...Rh4+)} 22. Qh2 R8g7 23. Raf1 Kg8 24. Qh3 Rg3 {[%cal Rg3h3]} 25. Qh2 R3g6 26. Qh3 (26. Rxg6 $17 hxg6 27. Qe2) 26... Ne7 27. Rxg6 hxg6 28. Kg1 Nf5 29. Rf2 {intending Rh2.} Rh7 30. Qd3 Qe7 31. Nf3 Qf8 32. Qd2 Rh3 33. Qf4 Qg7 34. Rg2 Rh5 35. Kf2 Qh8 36. Rh2 Rxh2+ 37. Qxh2 Qxh2+ 38. Nxh2 $17 {[%mdl 4096] Endgame KN-KN} Kg7 39. Ng4 g5 40. Nf6 Kg6 41. Kf3 (41. a4 $17 {is a better defense.}) 41... Nh6 $19 42. Ne8 (42. a4 $142) 42... g4+ 43. Kf4 $2 {[#]} (43. Kg2 b6 44. Nd6) 43... Kh5 $1 {[%cal Rh5h4] Black is clearly winning.} 44. Nf6+ (44. Kg3 $142 Kg5 45. Nd6) 44... Kh4 45. Nh7 g3 46. Ng5 g2 47. b3 g1=N {Accuracy: White = 55%, Black = 88%.} 0-1

[Event "Paracin Open 2020"]
[Site "Paracin"]
[Date "2020.07.04"]
[Round "2.8"]
[White "Kosic, Dragan"]
[Black "Stankovic, Boris"]
[Result "1-0"]
[WhiteElo "2429"]
[BlackElo "2119"]
[Annotator "TA"]
[PlyCount "57"]
[EventDate "2020.07.03"]
[EventType "swiss"]
[EventCountry "SRB"]
[SourceTitle "playchess.com"]
[Source "ChessBase"]
[SourceQuality "1"]

{[%evp 13,57,0,10,0,4,0,44,44,47,45,49,34,31,41,58,72,81,72,73,72,74,58,78,25,120,130,125,85,91,93,88,86,91,58,66,65,79,75,178,172,170,174,579,575,29976,29979]} 1. d4 Nf6 2. Nf3 g6 3. Bg5 Bg7 4. Nbd2 d5 5. e3 O-O 6. Be2 b6 7. O-O Bb7 8. a4 {D03: 1 d4 d5 2 Nf3 Nf6 3 Bg5, including Torre Attack with early ...d5.} a5 9. c3 {[#]} Ne4 $146 ({Predecessor:} 9... Nbd7 10. h3 Re8 11. Bf4 Ne4 12. Nxe4 dxe4 13. Nd2 e5 14. Bg3 exd4 15. cxd4 c5 16. Nc4 cxd4 17. Nd6 d3 18. Nxb7 dxe2 19. Qxe2 {½-½ (58) Swiercz,D (2614)-Tregubov,P (2607) Bastia 2014}) 10. Nxe4 {White is slightly better.} dxe4 11. Nd2 Nd7 12. Qb3 h6 13. Bh4 g5 14. Bg3 e5 15. Rfd1 exd4 16. cxd4 Kh8 17. Rac1 Rc8 $1 18. Qc2 (18. Nc4 $16) 18... c5 (18... Qe7 $1 $11 {remains equal.}) 19. dxc5 $1 $16 ({Stronger than} 19. Nxe4 cxd4 20. Bc4 Rxc4 $1 $15 {[%mdl 512]}) 19... Nxc5 20. Nc4 Nd3 21. Bxd3 exd3 22. Rxd3 Qe8 {With the idea ...Be4.} 23. Rdd1 $36 {[%mdl 2048] White is more active.} Qc6 {[%csl Gb7][%cal Rc6g2]} 24. f3 Rfd8 25. b3 Ba6 (25... Rxd1+ $16 26. Rxd1 Ba6) 26. Rxd8+ $18 Rxd8 {[#]} 27. Nd6 $1 {[%cal Rd6f7]} Qd5 $2 (27... Qxc2 28. Rxc2 Kg8) 28. Rd1 Qe6 {[#]} 29. Nxf7+ $1 {[%mdl 576] Discovered Attack. Accuracy: White = 84%, Black = 57%.} 1-0

[Event "Paracin Open 2020"]
[Site "Paracin"]
[Date "2020.07.04"]
[Round "2.9"]
[White "Djokic, Slavoljub"]
[Black "Radovanovic, Nikola"]
[Result "0-1"]
[WhiteElo "2077"]
[BlackElo "2389"]
[Annotator "TA"]
[PlyCount "94"]
[EventDate "2020.07.03"]
[EventType "swiss"]
[EventCountry "SRB"]
[SourceTitle "playchess.com"]
[Source "ChessBase"]
[SourceQuality "1"]

{[%evp 15,94,7,0,-12,-18,-19,0,0,27,-7,17,28,37,43,48,32,37,37,40,0,40,-37,-52,-110,-96,-104,-41,-100,-108,-283,-267,-266,-268,-249,-253,-287,-298,-291,-276,-206,-16,-16,-16,-17,0,0,37,-92,-91,-143,-122,-118,0,-111,-13,-13,-18,-75,-64,-243,-139,-119,-115,-29972,-29973,-29973,-29974,-29974,-29975,-29976,-29976,-29976,-29977,-29977,-29978,-29978,-29979,-29980,-29980,-29980,-29980]} 1. c4 e5 2. Nc3 Nc6 3. Nf3 Nf6 4. g3 d5 5. cxd5 Nxd5 6. Bg2 Nde7 7. O-O g6 8. d3 Bg7 9. Bg5 {A29: English Opening: Four Knights Variation with 4 g3.} h6 10. Bxe7 Qxe7 {[#]} 11. Rc1 $146 {The position is equal.} ({Predecessor:} 11. Nd2 O-O 12. Rc1 Qd8 13. Bxc6 bxc6 14. Qa4 h5 15. Rc2 Kh7 16. Qxc6 Bd7 17. Qc5 {0-1 (46) Rabeler,G (2256)-Stelting,T (2254) Germany 2008}) 11... O-O 12. Nd5 Qd6 13. Nd2 f5 14. b4 {[%cal Bb2b4,Bb4b5][%mdl 32]} Rf7 15. b5 {[#] Strongly threatening Nc4.} Nd8 16. Nc4 Qf8 $1 17. a4 Ne6 18. e4 (18. e3 $14) 18... f4 $1 $15 19. f3 (19. Nd2 $15) 19... fxg3 20. hxg3 Nd4 (20... c6 $17 21. bxc6 bxc6) 21. f4 (21. Na5 $1 $15) 21... c6 $17 22. fxe5 $2 (22. Nxe5 $17 cxd5 23. Nxf7 Qxf7 24. e5) 22... Rxf1+ $19 ({But not} 22... cxd5 23. exd5 Rxf1+ 24. Qxf1 $17) 23. Qxf1 cxd5 24. exd5 Bg4 25. Kh2 Nf3+ 26. Bxf3 Bxf3 ({Weaker is} 26... Qxf3 27. Qxf3 Bxf3 28. d6 $15) 27. d6 Bd5 $2 (27... Qf5 $19 {Hoping for ...Rf8.} 28. Re1 Qh5+ 29. Qh3 Qg5) 28. Qxf8+ $11 Rxf8 29. Ne3 Be6 30. d4 Rc8 31. Rxc8+ (31. Rc7 $14 Rxc7 32. dxc7) 31... Bxc8 $17 32. Kg2 (32. Nd5 $142 Kf7 33. Kg2) 32... Kf7 33. Kf3 Bf5 ({Better is} 33... h5 $17 34. Ke4 Ke8) 34. a5 (34. Nxf5 $11 {remains equal.} gxf5 35. Kf4) 34... Bd3 (34... Bd7 $17 35. b6 axb6 36. axb6 h5) 35. b6 $11 axb6 36. axb6 (36. Nd5 $1 $11 {was the only way to keep the balance.} Bf5 37. Nxb6) 36... h5 37. g4 $2 {[#]} (37. Nd5 $15 Bf5 38. Nc7) 37... Bh6 ({Black should try} 37... hxg4+ $1 $19 38. Kxg4 Bh6) 38. gxh5 $17 gxh5 {And now ...Ke6 would win.} 39. d5 $2 {[%mdl 8192]} (39. Nd5 $17) 39... Bxe3 {Black mates.} 40. Kxe3 {[%mdl 4096] Endgame KB-KP} Bc4 41. e6+ Kf6 42. Kd4 Bb3 43. d7 Ke7 44. Ke5 h4 45. d6+ Kd8 46. e7+ Kxd7 47. Kf4 Ba4 {Accuracy: White = 49%, Black = 68%.} 0-1

[Event "Paracin Open 2020"]
[Site "Paracin"]
[Date "2020.07.04"]
[Round "2.10"]
[White "Martic, Ivan"]
[Black "Tisma, Ivan"]
[Result "1-0"]
[WhiteElo "2386"]
[BlackElo "2088"]
[Annotator "TA"]
[PlyCount "94"]
[EventDate "2020.07.03"]
[EventType "swiss"]
[EventCountry "SRB"]
[SourceTitle "playchess.com"]
[Source "ChessBase"]
[SourceQuality "1"]

{[%evp 11,94,16,16,4,18,15,17,9,14,10,33,-19,28,13,15,16,53,47,47,45,51,37,57,24,23,12,53,19,59,58,82,73,97,71,110,107,107,107,118,122,146,137,180,172,181,180,154,170,203,211,214,199,287,276,372,267,275,256,269,250,520,560,572,627,627,627,627,627,627,627,810,835,1957,1957,1885,1802,1344,1614,1530,1495,1975,1823,2465,2432,2038]} 1. Nf3 Nf6 2. c4 g6 3. b4 Bg7 4. Bb2 O-O 5. g3 b6 6. Bg2 Bb7 7. d3 {A15: English Opening: 1...Nf6.} d6 8. O-O c5 9. a3 {The position is equal.} Nbd7 10. Nc3 a6 {[#]} 11. Rc1 $146 (11. Rb1 $14) ({Predecessor:} 11. Qb3 Qc7 12. Rfc1 e6 13. Rab1 cxb4 14. axb4 Rac8 15. Na4 Qb8 16. Nd4 Bxg2 17. Kxg2 {½-½ (41) Brcar,A (2105)-Miletic,D (2264) Novo Mesto 2015}) 11... Qc7 (11... b5 $5) 12. Qb3 Rfc8 13. b5 a5 14. Nd2 Bxg2 15. Kxg2 Qb7+ 16. Kg1 h5 17. Nf3 e6 18. e4 Ng4 19. Rcd1 Qc7 20. Ne2 Nde5 {White leaves nothing to chance now.} 21. Ne1 Qe7 22. h3 Nf6 23. f4 Ned7 24. Nf3 Ra7 25. Rf2 Rac7 26. Rdf1 Nh7 27. g4 hxg4 28. hxg4 Bxb2 29. Qxb2 Ndf6 {[#]} 30. Rg2 $1 Nd7 31. g5 d5 (31... f6 $142 32. gxf6 Qxf6 33. Qxf6 Ndxf6 34. Rxg6+ Rg7 35. Rxg7+ Kxg7) 32. e5 $18 ({Resist} 32. Rh2 d4 $18) 32... Rd8 33. Nh2 dxc4 34. dxc4 Ndf8 35. Qc3 Rcd7 $2 (35... Qd7 {might work better.} 36. Ng4 Qd3) 36. Qh3 {White is clearly winning.} Rd3 37. Qh6 Nd7 38. Ng4 Qf8 {intending ...Qxh6.} 39. Qh4 Qg7 40. Rh2 Ndf8 41. Nf6+ Kh8 42. Kf2 {[#] White wants to mate with Rfh1.} Rd1 43. Rfh1 Rxh1 44. Rxh1 Rd3 45. Rh3 Rd1 46. a4 Rd2 47. Ke1 Rd8 {Accuracy: White = 88%, Black = 52%.} 1-0

[Event "Paracin Open 2020"]
[Site "Paracin"]
[Date "2020.07.04"]
[Round "2.11"]
[White "Micic, Aleksa"]
[Black "Abramovic, Bosko"]
[Result "1/2-1/2"]
[WhiteElo "2008"]
[BlackElo "2351"]
[Annotator "TA"]
[PlyCount "40"]
[EventDate "2020.07.03"]
[EventType "swiss"]
[EventCountry "SRB"]
[SourceTitle "playchess.com"]
[Source "ChessBase"]
[SourceQuality "1"]

{[%evp 9,40,12,20,5,15,8,31,2,9,-1,7,0,63,62,57,68,72,41,89,82,139,145,142,140,180,101,105,53,53,53,52,64,54]} 1. e4 c5 2. Nf3 d6 3. d4 cxd4 4. Qxd4 Nc6 5. Qe3 g6 6. Be2 {B53: Sicilian: 2...d6: Lines with Qxd4.} Bg7 7. O-O Nf6 8. h3 O-O 9. Rd1 Qc7 10. c4 Bd7 (10... Qb6 $11) 11. Nc3 $14 Rfc8 12. Rb1 a6 13. b3 {[#]} b6 $146 ({Predecessor:} 13... Na7 14. Bb2 b5 15. Nd5 Nxd5 16. exd5 bxc4 17. Bxg7 Kxg7 18. Bxc4 Bb5 19. Rd4 Qd7 {1-0 (31) Zhang,Z (2649)-Sandipan,C (2579) Beijing 2008}) 14. Bb2 Na5 (14... Ne5 $142) 15. e5 $16 dxe5 16. Nxe5 ({Much less strong is} 16. Qxe5 $6 Bf5 $14) 16... Be8 17. Rbc1 (17. Nd5 $18 Nxd5 18. cxd5 (18. Rxd5 f6 $14)) 17... e6 18. Rd2 (18. Bf3 $16) 18... Rd8 $14 {Threatening ...Rxd2.White is slightly better.} 19. Rcd1 Rxd2 20. Rxd2 Rd8 {Accuracy: White = 63%, Black = 74%.} 1/2-1/2

[Event "Paracin Open 2020"]
[Site "Paracin"]
[Date "2020.07.04"]
[Round "2.12"]
[White "Radeva, Viktoria"]
[Black "Srdanovic, Jovana"]
[Result "1-0"]
[WhiteElo "2327"]
[BlackElo "2070"]
[Annotator "TA"]
[PlyCount "41"]
[EventDate "2020.07.03"]
[EventType "swiss"]
[EventCountry "SRB"]
[SourceTitle "playchess.com"]
[Source "ChessBase"]
[SourceQuality "1"]

{[%evp 23,41,5,25,0,0,8,19,9,22,0,0,0,0,-26,-12,-29,-2,-5,402,383]} 1. e4 c5 2. Nf3 e6 3. d4 cxd4 4. Nxd4 Nf6 5. Nc3 d6 6. Be2 Be7 7. O-O O-O 8. f4 Nc6 9. Be3 a6 10. Qe1 Bd7 11. Qg3 Nxd4 12. Bxd4 Bc6 13. Bf3 {B85: Sicilian Scheveningen: 6 Be2 a6, lines with early Be3.} b5 14. a3 Qd7 15. Kh1 {[#] The position is equal.} Rfc8 $146 ({Predecessor:} 15... Qb7 16. Rae1 Rad8 17. e5 dxe5 18. fxe5 Ne8 19. Bxc6 Qxc6 20. Rf4 g6 21. Qf2 Ng7 22. Ne4 Nf5 23. Bc3 h5 24. Bb4 Rfe8 {½-½ (54) Luecke,N (2375)-Mainka,R (2485) Ruhrgebiet 1999}) 16. Rae1 a5 17. e5 dxe5 18. Bxe5 Bxf3 19. Rxf3 g6 20. Rd3 Qc6 $2 {[%mdl 8192] [#]} (20... Qb7 $11) 21. Qh4 {Accuracy: White = 76%, Black = 69%.} 1-0

[Event "Paracin Open 2020"]
[Site "Paracin"]
[Date "2020.07.04"]
[Round "2.13"]
[White "Petkovic, Jovan"]
[Black "Pasti, Aron"]
[Result "0-1"]
[WhiteElo "1980"]
[BlackElo "2325"]
[Annotator "TA"]
[PlyCount "92"]
[EventDate "2020.07.03"]
[EventType "swiss"]
[EventCountry "SRB"]
[SourceTitle "playchess.com"]
[Source "ChessBase"]
[SourceQuality "1"]

{[%evp 13,92,0,7,-35,-49,-42,0,-14,29,24,27,12,52,39,46,56,97,21,11,-29,-32,-25,-47,-49,-32,-47,-37,-20,-34,-40,0,-28,-26,-18,-18,-29,-20,-95,-87,-89,-83,-120,-126,-149,-123,-185,-154,-153,-146,-143,-152,-171,-116,-120,-109,-104,0,-136,-131,-136,-97,-408,-404,-387,-387,-417,-383,-524,-524,-516,-516,-483,-473,-536,-525,-495,-485,-463,-463,-605,-604]} 1. e4 c5 2. c3 Nf6 3. e5 Nd5 4. Nf3 e6 5. d4 cxd4 6. cxd4 d6 7. Qb3 Nc6 8. Bc4 {B22: Sicilian: 2 c3.} dxe5 9. dxe5 Bb4+ 10. Bd2 {[#] The position is equal.} Bxd2+ $146 ({Predecessor:} 10... a5 11. O-O a4 12. Qd1 O-O 13. Nc3 Nxc3 14. bxc3 Be7 15. Qe2 Qc7 16. Qe4 Rd8 {1-0 (29) Jahn,C-Rieks,A Suhl 1979}) 11. Nbxd2 O-O 12. O-O Rb8 13. Rac1 Nf4 14. Qe3 Ng6 15. Bb5 (15. Bd3 $16) 15... Bd7 $11 16. Bxc6 Bxc6 17. Nd4 Bd5 18. f4 Qb6 19. b3 Rfd8 20. Nc4 Bxc4 21. Rxc4 a6 22. Qf2 Rd5 23. Nf3 Qa5 24. Rfc1 Rbd8 $36 {[%mdl 2048] White should prevent ...Nxf4! White is under pressure.} 25. Qc2 (25. g3 $11 {remains equal.}) 25... b5 $17 26. Re4 h6 27. a4 Qb6+ 28. Kh1 Ne7 29. Re2 (29. Ree1 $17 {is a better defense.}) 29... Nf5 30. Ree1 Rd3 31. axb5 Qxb5 32. Qc4 Qb6 ({Better is} 32... Rxb3 $19 33. Qc7 Qd5) 33. b4 Qb7 {And now ...Rxf3 would win.} 34. Qe4 Qb6 ({Black should try} 34... Qb8 $17) 35. Qc6 (35. Qc4 $1 $11 {was the only way to keep the balance.}) 35... Qxb4 {Strongly threatening ...Ne3.} 36. Qxa6 Ne3 {White must now prevent ...Qb2.} ({Much weaker is} 36... Qxf4 37. Rc4 $15) 37. Qa2 $2 {[%mdl 8192] White does not recover from this.} (37. Rc8 $17 Rxc8 38. Qxd3) 37... Qxf4 $19 38. Qe2 {[#]} Nxg2 $1 {[%mdl 512]} 39. Kxg2 {[#]} (39. Qxg2 Rxf3) 39... Rxf3 $1 {[%mdl 576] Remove Defender, Deflection} 40. Qxf3 Rd2+ {Black is clearly winning.} 41. Re2 Rxe2+ 42. Qxe2 {Hoping for Rc8+.} Qxc1 43. Qb5 Qg5+ 44. Kf2 Qf5+ 45. Kg3 Kh7 46. Qc5 f6 {Accuracy: White = 51%, Black = 74%.} 0-1

[Event "Paracin Open 2020"]
[Site "Paracin"]
[Date "2020.07.04"]
[Round "2.14"]
[White "Pastar, Slaven"]
[Black "Colic, Nikola"]
[Result "1-0"]
[WhiteElo "2323"]
[BlackElo "1992"]
[Annotator "TA"]
[PlyCount "71"]
[EventDate "2020.07.03"]
[EventType "swiss"]
[EventCountry "SRB"]
[SourceTitle "playchess.com"]
[Source "ChessBase"]
[SourceQuality "1"]

{[%evp 9,71,83,92,82,84,58,106,89,107,104,157,126,175,175,170,169,170,164,170,169,184,191,179,143,147,147,161,140,147,130,135,132,152,111,131,104,103,100,102,108,112,110,97,116,115,106,96,11,16,18,18,18,203,37,121,121,124,132,225,199,237,237,570,562]} 1. d4 f5 2. Bg5 c6 3. e3 d6 4. Bd3 Nf6 5. Bxf6 exf6 {[#]} 6. Ne2 $146 {A80: Dutch Defence: Unusual White second moves.} ({Predecessor:} 6. Nd2 Be6 7. Ne2 g6 8. h3 Na6 9. Nf4 Bf7 10. g4 Nb4 11. Nf1 Nxd3+ 12. Qxd3 fxg4 13. hxg4 {½-½ (78) Muha,M (2303)-Bratovic,B (2348) Zadar 2017}) 6... Na6 7. c3 Nc7 8. h4 {White is better.} g6 9. h5 {[#] hxg6 is the strong threat.} Bg7 (9... Bh6 $142) 10. Nd2 Qe7 11. hxg6 hxg6 12. Rxh8+ Bxh8 {[#]} 13. g4 $1 {[%mdl 512]} Qh7 (13... fxg4 14. Bxg6+) 14. Qc2 Bd7 15. gxf5 g5 16. O-O-O O-O-O 17. Ng3 Qg8 18. Qa4 Kb8 19. Qa3 Bc8 20. Rh1 Bg7 21. b4 Bf8 22. Qb3 d5 23. Qd1 Bd6 24. Rh6 Qf8 25. Qh5 a5 26. a3 Nb5 27. Bxb5 cxb5 28. Qg6 ({Don't blunder} 28. bxa5 $2 Bxg3 29. fxg3 Qxa3+ 30. Kd1 Bxf5 $19) (28. Ndf1 $16) 28... axb4 $11 29. axb4 Bxg3 $1 30. fxg3 Rd6 $2 (30... Re8 $1 $11 {and Black has nothing to worry.}) 31. Rh7 $2 ({White should try} 31. g4 $18) 31... Rc6 (31... Ra6 $14) 32. Kb2 $16 Qd6 33. Nf1 $36 {[%mdl 2048] White is on the roll.} Ra6 (33... Rc4 $16 34. Rh2 Rc7) 34. Qe8 $18 Rc6 35. g4 Ka7 $2 (35... Rc7 36. Rxc7 Kxc7 37. Qxb5 b6) 36. Qe7 {Accuracy: White = 69%, Black = 57%.} 1-0

[Event "Paracin Open 2020"]
[Site "Paracin"]
[Date "2020.07.04"]
[Round "2.15"]
[White "Katic, Goran"]
[Black "Todorovic, Nenad I"]
[Result "1-0"]
[WhiteElo "1967"]
[BlackElo "2295"]
[Annotator "TA"]
[PlyCount "49"]
[EventDate "2020.07.03"]
[EventType "swiss"]
[EventCountry "SRB"]
[SourceTitle "playchess.com"]
[Source "ChessBase"]
[SourceQuality "1"]

{[%evp 9,49,13,27,8,17,17,23,22,46,26,31,-29,-33,-62,-55,-48,12,2,2,7,84,80,111,112,477,439,857,866,822,781,1104,352,500,259,273,268,269,225,29997,29998,29998,29999]} 1. e4 c5 2. c3 d5 3. exd5 Qxd5 4. Na3 Nc6 5. Nf3 Bf5 {[#]} 6. Qb3 $146 {B22: Sicilian: 2 c3.} ({Predecessor:} 6. d4 cxd4 7. Nb5 O-O-O 8. cxd4 e5 9. Nc3 Bb4 10. Bd2 Bxc3 11. bxc3 exd4 12. cxd4 Bg4 13. Be2 Bxf3 14. Bxf3 Qxd4 {½-½ (42) Abasov,N (2632)-Jones,G (2688) chess24.com INT 2020}) 6... Qxb3 7. axb3 O-O-O 8. Bb5 {Threatens to win with Bxc6.White has an edge.} Na5 9. Bc4 a6 {[%cal Ba7a6,Ba6b5][%mdl 32]} 10. b4 ({But not} 10. Bxf7 e6 $17) (10. d4 $14) 10... cxb4 $11 11. cxb4 Nxc4 12. Nxc4 e6 {[#]} (12... f6 $15 13. d4 Bd3) 13. b5 $1 $36 {[%mdl 2560] White is pushing.} axb5 14. Nce5 {And now Ra8+ would win.} Nh6 (14... Bg6 $1 $11 {keeps the balance.}) 15. d4 $1 $16 {[%mdl 1024] White has strong compensation.} Bb4+ 16. Ke2 $1 {Bf4 is the strong threat.} Rhf8 $2 {[%mdl 8192] [#] Now Black is done in.} (16... f6 $16) 17. Bf4 $1 $18 Bd6 (17... Kc7 $142 18. Rhc1+ Kb6) 18. Ra8+ Kc7 19. Rc1+ Kb6 {[#]} 20. Raa1 $2 (20. Bd2 $1 {[%csl Ga8][%cal Rd2a5][%mdl 512]} b4 21. Nc4+ Kc7 22. Nxd6+ {[%mdl 64] Pin} Kb6 23. Ne5) 20... Be4 (20... Bxe5 $142 21. Bxe5 Rc8) 21. d5 Nf5 22. Bd2 {Ba5+ would kill now.} Bxf3+ 23. Nxf3 {Intending Ba5+ and mate.} Rc8 $2 (23... b4 $18) 24. Ba5+ Ka7 25. Bc7+ {Accuracy: White = 71%, Black = 35%.} 1-0

[Event "Paracin Open 2020"]
[Site "Paracin"]
[Date "2020.07.04"]
[Round "2.16"]
[White "Formento, Paolo"]
[Black "Petrovic, Marija"]
[Result "1-0"]
[WhiteElo "2294"]
[BlackElo "1968"]
[Annotator "TA"]
[PlyCount "71"]
[EventDate "2020.07.03"]
[EventType "swiss"]
[EventCountry "SRB"]
[SourceTitle "playchess.com"]
[Source "ChessBase"]
[SourceQuality "1"]

{[%evp 11,71,36,37,35,22,-9,-25,-50,-65,-56,-35,-70,-13,-20,-23,-24,-24,-25,-19,-25,-22,-43,-8,-7,-9,-12,0,0,0,-25,-21,-16,0,-18,103,107,106,102,102,48,53,15,97,98,597,592,573,594,568,561,1921,1839,1912,1918,1898,1889,1857,1681,3129,2717,2625,2543]} 1. d4 g6 2. c4 Bg7 3. e4 d6 4. Nc3 Nd7 5. Be3 e5 6. d5 Ne7 7. h4 {7.Qd2 is setting a new trend. A42: Modern Defence: Averbakh Variation.} f5 {[#]} 8. Bg5 $146 ({Predecessor:} 8. exf5 Nxf5 9. Bg5 Nf6 10. Ne4 c6 11. Bxf6 Bxf6 12. Nf3 h5 13. Qd2 Bg7 14. g3 O-O {1-0 (37) Lilov,V (2382)-Dimitrov,P (2415) Sunny Beach 2008}) 8... h6 9. Bxe7 {Black has an edge.} Qxe7 10. exf5 gxf5 11. Qh5+ Qf7 ({Black should try} 11... Kd8 $15 12. Qxf5 Nc5) 12. Qxf7+ $1 $11 Kxf7 13. Nb5 a6 14. Nxc7 Rb8 15. Ne6 Bf6 16. Be2 Nf8 17. Nxf8 Rxf8 18. Rc1 Bd7 19. b3 Rfc8 20. Nf3 e4 21. Nd2 Bd4 22. g4 e3 (22... Ke7 $11) 23. fxe3 $16 Bxe3 24. gxf5 Rg8 25. Bh5+ (25. Rc3 $16 Bxd2+ 26. Kxd2) 25... Kf6 $1 $14 26. Rf1 Rg2 {[#]} (26... b5 $11 {keeps the balance.}) 27. Rc2 $1 $16 {Hoping for Ne4+.} Rbg8 $2 {[%mdl 8192] Now Black is done in.} (27... Bxd2+ $16 {is a better chance.} 28. Rxd2 Rbg8) 28. Ne4+ $18 {[%mdl 64] Double Attack. White is clearly winning.} Ke5 29. Rxg2 Rxg2 30. f6 {Threatens to win with f7.} Rxa2 31. f7 Kxe4 32. f8=Q Ra1+ {[#]} 33. Ke2 $1 {Qf3+ would kill now.} Ra2+ {[#]} 34. Kd1 $1 Kd3 35. Bg6+ Kc3 36. Qg7+ {Accuracy: White = 78%, Black = 53%.} 1-0